Materská škola v Šintave

Bibliographic Details
Main Author: Čačaná, Vlasta (Author)
Format: Article
Language:Slovak
PhysicalDescription:Fotogr.
ISSN:1336-7161
Subjects:

MARC

LEADER 00000nab a2200000 ar4500
001 vtls008631990
003 SK-MaSNL
005 20260304170125.0
008 060315c2006 xo mr|p||| |000 b|slo
015 |a SNBRB2006/03 
038 |a SPK 
040 |a SPKCL  |b slo  |c AACR2  |e AACR2 
041 0 |a slo 
044 |a xo  |c SK 
080 |a 373.2  |x (437.6)  |2 UDC-MRF-SK2 
100 1 |a Čačaná, Vlasta  |4 aut  |9 1497141 
245 1 0 |a Materská škola v Šintave  |c Vlasta Čačaná 
300 |b Fotogr. 
610 2 7 |a Materská škola (Šintava, Slovensko)  |2 snkbucl  |9 1497142 
650 0 7 |a materské školy  |2 spk  |9 1278 
650 0 7 |a predškolská výchova  |2 spk  |9 3959 
650 0 7 |a činnosť  |2 spk  |9 282874 
650 0 7 |a projekty  |2 snkbucl  |9 18866 
651 7 |a Šintava (Slovensko)  |2 snkbucl  |9 79309 
773 0 |t Pán učiteľ  |g Roč. 1, č. 6 (2006), s. 6  |x 1336-7161 
852 |a SPK  |b KIS3GCP 
999 |c 2987169  |d 2989099